000
00327nam a2200133Ia 4500
008
240624s9999 xx 000 0 und d
041
_a
eng
082
_a
330 GHO
100
_a
GHOSH B N
245
_a
BEYOND GANDHIAN ECONOMICS TOWARDS A CREA
260
_c
2012
_a
New Delhi
_b
Sage India
300
_a
320 : p.
365
_c
RS
_b
40
999
_c
21118
_d
21118